Introduction to higher secondary education (for second year)/ (Record no. 11598)
[ view plain ]
| 000 -LEADER | |
|---|---|
| fixed length control field | 00718nam a22002297a 4500 |
| 005 - DATE AND TIME OF LATEST TRANSACTION | |
| control field | 20230825122217.0 |
| 008 - FIXED-LENGTH DATA ELEMENTS--GENERAL INFORMATION | |
| fixed length control field | 230825b ||||| |||| 00| 0 eng d |
| 020 ## - INTERNATIONAL STANDARD BOOK NUMBER | |
| International Standard Book Number | 9789387956568 |
| 040 ## - CATALOGING SOURCE | |
| Original cataloging agency | IN-DiNC |
| Transcribing agency | IN-DiNC |
| 041 ## - LANGUAGE CODE | |
| Language code of sung or spoken text | English |
| 082 ## - DEWEY DECIMAL CLASSIFICATION NUMBER | |
| Classification number | 370 |
| Item number | DEK |
| 100 ## - MAIN ENTRY--PERSONAL NAME | |
| Personal name | Deka, Nabanita |
| Relator term | Author |
| 245 ## - TITLE STATEMENT | |
| Title | Introduction to higher secondary education (for second year)/ |
| Statement of responsibility, etc. | by Nabanita Deka, Phunu Das and Parthana Bhagabati |
| 250 ## - EDITION STATEMENT | |
| Edition statement | 2nd ed. |
| 260 ## - PUBLICATION, DISTRIBUTION, ETC. | |
| Place of publication, distribution, etc. | Dibrugarh: |
| Name of publisher, distributor, etc. | Banalata, |
| Date of publication, distribution, etc. | 2022. |
| 300 ## - PHYSICAL DESCRIPTION | |
| Extent | 314p. |
| 650 ## - SUBJECT ADDED ENTRY--TOPICAL TERM | |
| Topical term or geographic name entry element | Secondary education in India and Assam |
| 650 ## - SUBJECT ADDED ENTRY--TOPICAL TERM | |
| Topical term or geographic name entry element | Higher secondary second year education |
| 700 ## - ADDED ENTRY--PERSONAL NAME | |
| Personal name | Das, Phunu |
| Relator term | Author |
| 700 ## - ADDED ENTRY--PERSONAL NAME | |
| Personal name | Bhagabati, Parthana |
| Relator term | Author |
| 942 ## - ADDED ENTRY ELEMENTS (KOHA) | |
| Source of classification or shelving scheme | Dewey Decimal Classification |
| Koha item type | Books |
| Withdrawn status | Lost status | Source of classification or shelving scheme | Damaged status | Not for loan | Collection code | Home library | Current library | Shelving location | Date acquired | Cost, normal purchase price | Total Checkouts | Full call number | Barcode | Date last seen | Date last checked out | Copy number | Price effective from | Koha item type | Date due |
|---|---|---|---|---|---|---|---|---|---|---|---|---|---|---|---|---|---|---|---|
| Dewey Decimal Classification | Education | Central Library, Naharkatiya College | Central Library, Naharkatiya College | General Stacks | 25/08/2023 | 400.00 | 1 | 370 DEK | 29550 | 11/05/2024 | 02/05/2024 | 1 | 25/08/2023 | Books | |||||
| Dewey Decimal Classification | Education | Central Library, Naharkatiya College | Central Library, Naharkatiya College | General Stacks | 25/08/2023 | 400.00 | 6 | 370 DEK | 29551 | 08/05/2025 | 08/05/2025 | 2 | 25/08/2023 | Books | 27/05/2025 |
